000 00762nac a22002411i 4500
003 EG-ScBUE
005 20250731090705.0
008 250731t1913 ohu f 000 0 eng d
035 _a(OCoLC)ocm01037189
040 _aEG-ScBUE
_beng
_erda
_cEG-ScBUE
_dEG-ScBUE
082 0 4 _a541.9
_bHAN
_222
245 0 0 _aHandbook of chemistry and physics :
_ba ready- reference pocket book of chemical and physical data.
264 1 _aOhio :
_bChemical Rubber Pub. Co. ,
_c[1913]
264 4 _cc1913
300 _a116 pages ;
_c19 cm
336 _2rdacontent
_atext
_btxt
337 _aunmediated
_2rdamedia
_bn
338 _avolume
_bnc
_2rdacarrier
650 7 _aChemistry
_vTables.
_2BUEsh
650 7 _aPhysics
_vTables.
_2BUEsh
655 _vReading book
942 _cNB
_2ddc
999 _c9104
_d9104